000 00609nam a2200157 a 4500
001 000031636
003 DO-SdBNP
005 20210630095342.0
008 110628s1968 dr 000 0 spa d
040 _aDO-SdBNP
_bspa
_cBNPHU
049 _aBNPD
245 0 0 _aDiscurso pronunciado por el presidente de la República, doctor Joaquín Balaguer, en ranchos de Tavera, el 15 de enero de 1968 para iniciar los trabajos de construcción de la Presa de Tavera.
260 _aSanto Domingo : 1968. :
_bDirección General de Información y Prensa de la República.
300 _a13 p. ;
_c22 cm.
942 _2ddc
_cLBS1
999 _c31128
_d31128